000 01001nam a2200229 a 4500
001 000025166
005 20200930023612.0
008 110210s1969 pr r 000 0 spa d
040 _aDO-SdBNP
_bspa
_cBNPHU
082 _a972.95
_bB825c, 1969
100 1 _aBrau, Salvador,
_d1837-1912
_951627
245 1 3 _aLa colonización de Puerto Rico :
_bdesde el descubrimiento de la isla hasta la reversión a la corona española de los privilegios de Colón /
_cSalvador Brau ; cuarta edición anotada por Isabel Gutierrez del Arroyo.
250 _a4a ed.
260 _aSan Juan, Puerto Rico :
_bInstituto de Cultura Puertorriqueña,
_c1969.
300 _a639 p. ;
_c19 cm.
500 _aIncluye índice toponimico.
500 _aIncluye notas al pie de las páginas
504 _aIncluye referencias bibliográficas: [573]-576 p.
651 4 _aPuerto Rico
_xHistoria
_91079
651 4 _aPuerto Rico
_xHistoria
_yDESCUBRIMIENTO Y CONQUISTA, 1493-1526
_931777
700 1 _aGutierrez del Arroyo, Isabel.
_916244
999 _c24659
_d24659